| 000 | 00848nam a2200145Ia 4500 | ||
|---|---|---|---|
| 008 | 100122s9999 xx 000 0 und d | ||
| 082 |
_b38861 _a821 |
||
| 100 | _aदामले सी के | ||
| 245 | _aकेशवसुत अर्थात कृष्णाजी केशव दामले यांचा कवितासंग्रह व चरित्र | ||
| 260 |
_bचित्रशाळा प्रकाशन _c1905 |
||
| 300 | _a200 | ||
| 630 | _aकेशवसुत अर्थात कृष्णाजी केशव दामले यांचा कवितासंग्रह व चरित्र | ||
| 730 | _aकेशवसुत अर्थात कृष्णाजी केशव दामले यांचा कवितासंग्रह व चरित्र | ||
| 942 | _cBOOK | ||
| 999 |
_c420803 _d420800 |
||